Statistics for African countries

Click here to take the quiz!

General Stats

  • This quiz has been taken 22 times
  • The average score is 50 of 54

Answer Stats

Country% Correct
Algeria
100%
Democratic republic of the Congo
100%
Uganda
100%
Madagascar
100%
Tanzania
100%
South Sudan
100%
Mozambique
100%
Egypt
100%
Niger
100%
Malawi
95%
Mauritania
95%
Namibia
95%
Nigeria
95%
Lesotho
95%
Rwanda
95%
Somalia
95%
South Africa
95%
Sudan
95%
Tunisia
95%
Angola
95%
Liberia
95%
Ghana
95%
Ethiopia
95%
Burundi
95%
Cameroon
95%
Cape Verde
95%
Chad
95%
Eritrea
95%
Republic of the Congo
95%
Gambia
95%
Zimbabwe
95%
Seychelles
90%
Zambia
90%
Botswana
90%
Togo
90%
Guinea-Bissau
90%
Ivory coast
90%
Kenya
90%
Central African Republic
90%
Sierra Leone
90%
Senegal
90%
Eswatini
90%
Guinea
90%
Djibouti
90%
Morocco
90%
Mauritius
90%
São Tomé and Príncipe
86%
Equatorial Guinea
86%
Benin
86%
Mali
86%
Libya
86%
Burkina Faso
81%
Gabon
81%
Comoros
76%

Score Distribution

Percentile by Number Answered

Percent of People with Each Score

Your Score History

You have not taken this quiz